Saudi Arabia's development potential : application of an Islamic growth model /

Bibliographic Details
Main Author: Looney, Robert E.
Format: Book
Language:English
Published: Lexington, Mass. : Lexington Books, [1982]
Subjects:

MARC

Tag First Indicator Second Indicator Subfields
LEADER 00000pam a2200000 a 4500
001 in00000084840
005 20151008054406.0
008 810716s1982 mau b 00110 eng
010 |a  79002274  
020 |a 066903083X 
035 |a (OCoLC)07652648 
035 |9 AAJ0520AM 
039 0 |a 2  |b 3  |c 3  |d 3  |e 3 
040 |a DLC  |c DLC  |d TXA  |d UtOrBLW 
043 |a a-su--- 
049 |a TXAM  |c [1361346] 
050 0 0 |a HC415.33  |b .L66 
082 0 |a 338.953/8  |2 19 
100 1 |a Looney, Robert E. 
245 1 0 |a Saudi Arabia's development potential :  |b application of an Islamic growth model /  |c Robert E. Looney. 
264 1 |a Lexington, Mass. :  |b Lexington Books,  |c [1982] 
264 4 |c ©1982 
300 |a xvii, 358 pages ;  |c 24 cm. 
336 |a text  |b txt  |2 rdacontent 
337 |a unmediated  |b n  |2 rdamedia 
338 |a volume  |b nc  |2 rdacarrier 
500 |a Includes index. 
504 |a Bibliography: pages 339-351. 
650 0 |a Economics  |x Religious aspects  |x Islam. 
651 0 |a Saudi Arabia  |x Economic policy. 
999 |a MARS 
999 f f |s 837e221c-4a1c-3a59-9d2b-5bba9ce3ad18  |i dfad68c4-65a1-356c-9431-25a2e4ac6d41  |t 0 
952 f f |p ric  |a Texas A&M University  |b Rellis Campus  |c Joint Library Facility  |d Remote Storage  |t 0  |e HC415.33 .L66  |h Library of Congress classification  |i unmediated -- volume  |m A14806122750 
998 f f |a HC415.33 .L66  |t 0  |l Remote Storage